Memòria succinta de la tasca acomplerta per la Junta de Museus de Barcelona en el trieni 1919-1922
Descripción Física:
52 p. ; 25'5 cm
Materias:
Junta de Museus de Barcelona -- Memòries
MARC
| LEADER | 00000nam a2200000Ia 4500 | ||
|---|---|---|---|
| 001 | 10292 | ||
| 008 | 160829s1922 xx 000 0 cat d | ||
| 110 | 2 | |a Junta de Museus de Barcelona |9 54561 | |
| 952 | |0 0 |1 0 |4 0 |6 B1367 |7 1 |9 47711 |a Arxiu |b Arxiu |d 2016-12-01 |l 0 |o B-1-367 |p 10292 |r 2016-12-01 00:00:00 |w 2016-12-01 |y ARXIU | ||
| 999 | |c 51510 |d 51510 | ||
| 080 | |a B-1-367 | ||
| 245 | |a Memòria succinta de la tasca acomplerta per la Junta de Museus de Barcelona en el trieni 1919-1922 | ||
| 260 | |a Barcelona : |b Publicacions de la Junta de Museus de Barcelona, |c 1922 | ||
| 300 | |a 52 p. ; |c 25'5 cm | ||
| 650 | |a Junta de Museus de Barcelona |x Memòries |9 37146 | ||
| 901 | |a Arxiu | ||
| 942 | |n 1 |2 udc | ||